Spell the Marvel Character #289 - Statistics

General Stats
  • This quiz has been taken 8 times
  • The average score is 10 of 12
Answer Stats
Picture Answer % Correct
Elektra
100%
Outlaw
100%
Rage
100%
Rogue
100%
Shanna
100%
Spectrum
100%
Thor
100%
Aero
88%
Demolition-Man
88%
Sword Master
63%
Marvel Boy
50%
Wind Dancer
50%
No matching quizzes found
Score Distribution
Percent of People with Each Score
Percentile by Number Answered
Your Score History
You have not taken this quiz